| 000 | 00546nam a2200133Ia 4500 | ||
|---|---|---|---|
| 008 | 171207s9999 xx 000 0 und d | ||
| 100 | _aGiacomantonio, Chris | ||
| 245 | _aGrant-Maximizing but not Money-Making: A Simple Decision-Tree Analysis for Social Impact Bonds | ||
| 245 | _cChris Giacomantonio | ||
| 260 | _c2017 | ||
| 300 | _apages 47-66, March 2017 | ||
| 440 |
_aJournal of Social Entrepreneurship _v8:1 |
||
| 650 | _aSocial impact bonds, impact investing, decision analysis, decision tree, government commissioning, payment by results | ||
| 999 |
_c347594 _d347594 |
||